Riconosci l'Anno dagli eventi - Quiz n°11 - Statistics

Statistiche generali
  • Questo quiz è stato fatto 41 volte
  • Il punteggio medio è 13 su 15
Statistiche sulle risposte
Indizio Risposta % Corretto
C 12 marzo: il Regno di Sardegna denuncia l'armistizio del 9 agosto e ricomincia la guerra contro l'Austria.
97%
B 9 febbraio: proclamata la Repubblica Romana. Papa Pio IX fugge a Gaeta.
97%
A 5 gennaio: il principe Alfred von Windisch-Graetz occupa Budapest e vi restaura il potere degli Asburgo.
94%
D 23 marzo: le truppe austriache sconfiggono a Novara l'esercito del Regno di Sardegna
89%
M 24 agosto: Venezia si arrende agli austriaci dopo un assedio di quattro mesi
86%
E 24 marzo: Carlo Alberto abdica a favore del figlio, Vittorio Emanuele che firma l'armistizio con Radezky
86%
N 7 ottobre: muore Edgar Allan Poe
86%
P David Livingstone inizia la lunga serie di viaggi in Africa come esploratore e missionario
86%
H 15 maggio: la Sicilia torna in mano ai Borbone
83%
O 20 novembre: Vittorio Emanuele II di Savoia scioglie il parlamento, restio a ratificare la Pace di Milano e, con il Proclama di Moncalieri, si rivolge agli elettori affinché eleggano in parlamento una maggioranza favorevole alla ratifica del trattato di pace.
83%
L 6 agosto: viene firmata la Pace di Milano tra Austria e Regno di Sardegna
83%
G 14 aprile: il parlamento di Debrecen dichiara decaduta la Casa d'Asburgo in Ungheria dichiarando indipendente l'Ungheria rivoluzionaria.
80%
I 2 luglio: cade la Repubblica Romana
80%
F 1º aprile: gli austriaci reprimono con un massacro le dieci giornate di Brescia
77%
Anno 1849
54%
Nessun quiz corrispondente trovato
Distribuzione punteggi
Percentuale di utenti per punteggio
Percentile per numero di risposta
I tuoi punteggi nel tempo
Non hai fatto questo quiz